| 000 | 01327nam a22003617a 4500 | ||
|---|---|---|---|
| 003 | CHAP | ||
| 005 | 20220329135746.0 | ||
| 008 | 971013s1968 r 00010 d | ||
| 010 | _a41600 | ||
| 011 | _a42572 | ||
| 035 | _a46701 | ||
| 040 | _cCHAP | ||
| 082 |
_a636.08959 _bF6Y |
||
| 100 | 0 | 0 |
_aForsyth, A. A. _942631 |
| 245 | _aInclinación a la toxicología vegetal | ||
| 260 |
_aZaragoza : _bAcribia, _c1968 |
||
| 300 |
_a206 p. _b: láms. |
||
| 490 | _aManuales de técnica agropecuaria | ||
| 590 |
_aBATCH-UPD _b10 _c20130110 _lUCH01 _h0926 |
||
| 590 |
_aBATCH-UPD _b10 _c20130410 _lUCH01 _h0547 |
||
| 590 |
_aBATCH-UPD _b10 _c20130914 _lUCH01 _h1744 |
||
| 590 |
_aCONVERSION _b10 _c20130109 _lUCH01 _h1323 |
||
| 650 | 1 | 4 |
_aPlantas venenosas para el ganado. _989093 |
| 650 | 1 | 4 |
_aToxicología veterinaria. _9114457 |
| 830 | 0 |
_aManuales de técnica agropecuaria _970676 |
|
| 901 | _aBK | ||
| 942 | _cLIBRO | ||
| 949 |
_a636.08959 F6Y _bBC _cLIBRO _d-106400 _eLIBRO _fc.2 _h36944 _i46701 _si |
||
| 949 |
_a636.08959 F6Y _bBC _cLIBRO _d33724000092607 _eLIBRO _h17798 _i46701 _si |
||
| 949 |
_a636.08959 F6Y _bBC _cLIBRO _d33724000092615 _eLIBRO _fc.5 _h46698 _i46701 _si |
||
| 949 |
_a636.08959 F6Y _bBC _cLIBRO _d33724000092623 _eLIBRO _fc.6 _h48439 _i46701 _si |
||
| 949 |
_a636.08959 F6Y _bBC _cLIBRO _d33724000584215 _eLIBRO _fc.4 _h39259 _i46701 _si |
||
| 999 |
_c41600 _d41600 |
||